000
00205 a2200097 4500
001
35136
100
_a
G H A
245
_a
Aur Election Na Husakey
260
_a
Lahore
_b
Jang Pub
_c
090
_c
23280
_d
23280
942
_a
NUST-CAE
_c
M
_c
14759
999
_c
270209
_d
270209